[Event "20th Iraklio Open 2017"]
[Site "Athens"]
[Date "2017.06.20"]
[Round "4.10"]
[White "Hrysogelou, Athanasia-Panagiota"]
[Black "Tsiros, Fragkiskos Vlasios"]
[Result "0-1"]
[WhiteElo "1878"]
[BlackElo "2163"]
[Annotator "ChessBase"]
[PlyCount "82"]
[EventDate "2017.??.??"]
[EventType "swiss"]
[EventCountry "GRE"]
[SourceTitle "playchess.com"]
[Source "ChessBase"]
[SourceQuality "1"]
[TimeControl "40/5400+30:1800+30"]

1. d4 {[%emt 0:00:30]} Nf6 {[%emt 0:02:00]} 2. c4 {[%emt 0:00:00]} d6 {[%emt 0:00:30]} 3. Nc3 {[%emt 0:01:00]} Bf5 {[%emt 0:00:30]} 4. Nf3 {[%emt 0:03:30]} g6 {[%emt 0:01:30]} 5. e3 {[%emt 0:03:30]} Bg7 {[%emt 0:02:30]} 6. Be2 {[%emt 0:03:30]} O-O {[%emt 0:00:30]} 7. O-O {[%emt 0:00:00]} c6 {[%emt 0:04:30]} 8. Re1 {[%emt 0:05:00]} Na6 {[%emt 0:09:30]} 9. Bf1 {[%emt 0:09:30]} Ne4 {[%emt 0:07:30]} 10. Nxe4 {[%emt 0:06:30]} Bxe4 {[%emt 0:00:30]} 11. Ng5 {[%emt 0:05:30]} Bf5 {[%emt 0:00:00]} 12. e4 {[%emt 0:00:30]} Bd7 {[%emt 0:05:00]} 13. Be3 {[%emt 0:07:30]} c5 {[%emt 0:11:30]} 14. Nf3 {[%emt 0:05:30]} Bg4 {[%emt 0:06:30]} 15. Be2 {[%emt 0:08:30]} Qb6 {[%emt 0:04:30]} 16. e5 {[%emt 0:10:30]} dxe5 {[%emt 0:11:30]} 17. dxc5 {[%emt 0:02:30]} Qc7 {[%emt 0:03:30]} 18. Nd2 {[%emt 0:08:48]} Bf5 {[%emt 0:04:30]} 19. Nb3 {[%emt 0:02:35]} Nb4 {[%emt 0:00:30]} 20. Bg4 {[%emt 0:06:00]} Bxg4 {[%emt 0:01:30]} 21. Qxg4 {[%emt 0:00:03]} Nc2 {[%emt 0:00:30]} 22. Rad1 {[%emt 0:00:56]} Nxe1 {[%emt 0:00:00]} 23. Rxe1 {[%emt 0:00:06]} f5 {[%emt 0:00:00]} 24. Qf3 {[%emt 0:03:04]} e4 {[%emt 0:01:30]} 25. Qe2 {[%emt 0:00:11]} e5 {[%emt 0:00:30]} 26. Bd2 {[%emt 0:01:48]} a5 {[%emt 0:06:24]} 27. a4 {[%emt 0:03:47]} b6 {[%emt 0:00:39]} 28. Qe3 {[%emt 0:00:24]} bxc5 {[%emt 0:00:29]} 29. Qxc5 {[%emt 0:02:17]} Qxc5 {[%emt 0:00:19]} 30. Nxc5 {[%emt 0:00:04]} Rfc8 {[%emt 0:00:06]} 31. Nb3 {[%emt 0:00:47]} Rxc4 {[%emt 0:00:21]} 32. Nxa5 {[%emt 0:00:29]} Rc2 {[%emt 0:03:26]} 33. Bb4 {[%emt 0:00:22]} Rxb2 {[%emt 0:00:08]} 34. Bc3 {[%emt 0:00:37]} Rc2 {[%emt 0:01:36]} 35. Bb4 {[%emt 0:00:27]} Bf8 {[%emt 0:00:37]} 36. Bxf8 {[%emt 0:00:09]} Kxf8 {[%emt 0:00:06]} 37. Nb3 {[%emt 0:00:50]} Rxa4 {[%emt 0:00:17]} 38. g3 {[%emt 0:00:53]} Rb4 {[%emt 0:00:36]} 39. Na1 {[%emt 0:00:22]} Ra2 {[%emt 0:00:48]} 40. Rc1 {[%emt 0:00:23]} Rbb2 {[%emt 0:30:04]} 41. Rf1 {[%emt 0:30:01]} e3 0-1

[Event "20th Iraklio Open 2017"]
[Site "Athens"]
[Date "2017.06.21"]
[Round "5.1"]
[White "Georgiev, Krum"]
[Black "Loutragotis, Dimitrios"]
[Result "1/2-1/2"]
[WhiteElo "2357"]
[BlackElo "2143"]
[Annotator "TA"]
[PlyCount "35"]
[EventDate "2017.??.??"]
[EventType "swiss"]
[EventCountry "GRE"]
[SourceTitle "playchess.com"]
[Source "ChessBase"]
[SourceQuality "1"]

{[%evp 15,35,-13,8,11,6,13,25,30,35,2,8,7,0,0,18,14,41,30,46,52,53,25]} 1. Nf3 Nf6 2. g3 g6 3. Bg2 Bg7 4. O-O O-O 5. c4 d6 6. Nc3 Nc6 7. d3 e5 8. Bd2 Nh5 9. a3 {A26: English Opening vs King's Indian with ...Nc6 and d3} f5 10. b4 h6 11. e3 $146 {White has an edge.} ({Predecessor:} 11. b5 Ne7 12. e3 Be6 13. Nh4 c6 14. Nxg6 Nxg6 15. Qxh5 Ne7 16. bxc6 bxc6 {1-0 (37) Goldin,A (2590)-Raetsky,A (2450) Moscow 1994}) 11... Kh7 12. Kh1 (12. b5 $5 {[%cal Rb5c6]} Ne7 13. a4 $14) 12... Ne7 13. Ng1 Rb8 14. f4 Be6 15. Rc1 exf4 16. exf4 d5 17. Nf3 Bf7 18. Qe2 {Precision: White = 75%, Black =  3%.} 1/2-1/2

[Event "20th Iraklio Open 2017"]
[Site "Athens"]
[Date "2017.06.21"]
[Round "5.2"]
[White "Katopodis, Dimitrios"]
[Black "Nikolaidis, Ioannis"]
[Result "0-1"]
[WhiteElo "2169"]
[BlackElo "2561"]
[Annotator "TA"]
[PlyCount "52"]
[EventDate "2017.??.??"]
[EventType "swiss"]
[EventCountry "GRE"]
[SourceTitle "playchess.com"]
[Source "ChessBase"]
[SourceQuality "1"]

{[%evp 19,52,-3,0,-2,0,-4,4,-7,-12,-113,-94,-146,-150,-159,-151,-175,-179,-198,-237,-310,-323,-402,-390,-445,-405,-456,-421,-500,-474,-533,-539,-865,-852,-901,-866]} 1. d4 e6 2. c4 d5 3. Nf3 a6 4. g3 dxc4 5. Bg2 b5 6. Ne5 {D30: Queen's Gambit Declined: Systems without Nc3} c6 7. Nxc6 Qb6 8. Nxb8 Rxb8 9. O-O Bb7 10. e4 Nf6 {LiveBook: 5 Games} 11. Nc3 Bb4 $146 ({Predecessor:} 11... Be7) 12. Be3 Rd8 {[%cal Bb8d8,Bd8d4,Bd4d2][%mdl 32]} 13. Qe2 (13. d5 $5 {[%cal Re3b6]} Bc5 14. Bg5 $11) 13... O-O $1 14. Bg5 (14. f3 $11 {remains equal.}) 14... Rxd4 $17 ({Much weaker is} 14... Qxd4 $6 15. e5 $15) 15. Bxf6 (15. a4 $142) 15... gxf6 16. Qg4+ Kh8 17. Qh4 Be7 18. Ne2 Rd2 19. Nf4 Qc5 ({Don't take} 19... Rxb2 20. Nh5 $19) 20. Rad1 {[#]} Rfd8 $1 21. Bf3 Qg5 22. Qh3 Rxd1 {Black is clearly winning.} 23. Bxd1 Bxe4 24. Bh5 e5 25. Re1 Bf5 (25... exf4 $2 26. Rxe4 Bd6 27. Bxf7 $17) 26. g4 Bb4 {Precision: White = 21%, Black = 88%.} 0-1

[Event "20th Iraklio Open 2017"]
[Site "Athens"]
[Date "2017.06.21"]
[Round "5.3"]
[White "Sonis, Francesco"]
[Black "Korniotis, Filippos"]
[Result "0-1"]
[WhiteElo "2450"]
[BlackElo "2143"]
[Annotator "TA"]
[PlyCount "101"]
[EventDate "2017.??.??"]
[EventType "swiss"]
[EventCountry "GRE"]
[SourceTitle "playchess.com"]
[Source "ChessBase"]
[SourceQuality "1"]

{[%evp 18,101,0,0,27,4,14,15,37,36,45,0,-3,-64,0,0,47,43,42,44,46,43,51,41,38,36,12,0,0,-10,0,-8,0,0,-8,0,0,-8,0,-17,-19,-24,-20,-24,-14,-20,-8,-56,-64,-79,-67,-92,-75,-282,-214,-176,-147,-289,-298,-197,-155,-155,-151,-531,-505,-459,-486,-480,-431,-384,-375,-385,-375,-493,-487,-740,-693,-4137,-4133,-4133,-1767,-4133,-4133,-4137,-4133,-4129]} 1. d4 Nf6 2. c4 e6 3. Nf3 b6 4. e3 Bb7 5. Bd3 d5 6. O-O Bd6 7. b3 O-O 8. Bb2 Nbd7 9. Nc3 a6 10. Rc1 Ne4 {E14: Queen's Indian: Classical Variation (4 e3)} (10... Qe7 11. Re1 Ne4 12. Qc2 f5 13. Ne2 Ndf6 14. h3 c5 15. Ne5 Rac8 16. f3 cxd4 17. exd4 Nd7 18. Nxd7 Qxd7 {½-½ (44) Harikrishna,P (2740)-Kryvoruchko,Y (2697) Linares 2015}) 11. Qc2 f5 12. Ne2 Rf6 {The position is equal.} 13. cxd5 exd5 14. Ng3 Qe7 $146 ({Predecessor:} 14... Bxg3 15. fxg3 Rc8 16. Qe2 a5 17. Ne5 Nxe5 18. dxe5 {1-0 (53) Javakhishvili,L (2486)-Pokorna,R (2331) Baku 2016}) 15. Rfe1 ({White should try} 15. Ne5 $11) 15... Re8 (15... c6 $15) 16. Ne5 $11 Nxe5 17. dxe5 Bxe5 18. Bxe5 Rc6 19. Qb2 Qxe5 20. Qxe5 Rxe5 21. Rxc6 Bxc6 22. Rc1 (22. f4 $5 {[%cal Rf4e5]} Re6 23. Nxf5 $11) 22... Nc5 23. Bxf5 {[#] Strongly threatening b4.} a5 $1 24. a3 Bb5 25. b4 axb4 26. axb4 Na6 27. Rb1 Re8 28. Bc2 g6 29. h4 {[%cal Bh2h4,Bh4h5][%mdl 32]} Kg7 30. h5 Kf6 31. Rb2 Bc4 32. Bb1 b5 33. Nf1 d4 34. hxg6 hxg6 35. e4 $2 (35. Rd2 $17) 35... c5 36. bxc5 Nxc5 37. Nd2 (37. f3 $17) 37... d3 $19 38. Rb4 Rxe4 ({Much less strong is} 38... Nxe4 39. Nxc4 bxc4 40. Rxc4 $15) 39. Nxe4+ Nxe4 {[%mdl 4096] Endgame KRB-KBN} 40. f3 $2 (40. Bxd3 $17 {nothing else works.} Bxd3 41. Rd4) 40... d2 41. Bc2 Nc3 42. Kf2 d1=Q 43. Bxd1 Nxd1+ 44. Ke1 Ne3 {[#] ...Nc2+ is the strong threat.} 45. Rb2 Ke5 {Black is clearly winning.} 46. g3 (46. g4 $142 Kf4 47. g5) 46... Kd4 47. Rh2 Kc3 48. Kf2 Nd1+ 49. Ke1 Nb2 50. Rh6 Nd3+ 51. Kd1 {Precision: White = 24%, Black = 69%.} 0-1

[Event "20th Iraklio Open 2017"]
[Site "Athens"]
[Date "2017.06.21"]
[Round "5.4"]
[White "Rigopoulos-Tsigkos, Alexandros"]
[Black "Ergazakis, Ioannis"]
[Result "0-1"]
[WhiteElo "2111"]
[BlackElo "2150"]
[Annotator "TA"]
[PlyCount "60"]
[EventDate "2017.??.??"]
[EventType "swiss"]
[EventCountry "GRE"]
[SourceTitle "playchess.com"]
[Source "ChessBase"]
[SourceQuality "1"]

{[%evp 25,60,0,41,39,67,11,54,50,72,68,62,66,70,-60,169,-41,-40,-40,0,-271,264,-262,-237,-164,-52,-46,0,0,0,-29990,-29991,-29991,-29992,-29995,-29996,-29996,-29997]} 1. e4 c5 2. Nf3 d6 3. d4 cxd4 4. Qxd4 Nc6 5. Bb5 Bd7 6. Bxc6 Bxc6 7. Nc3 Nf6 8. Bg5 e6 9. O-O-O Be7 10. Qd3 O-O 11. Nd4 Qa5 12. f4 Rac8 13. h4 a6 {LiveBook: 6 Games. B53: Sicilian: 2...d6: Lines with Qxd4} (13... Rfe8 14. f5 Bd7 15. Nb3 Qc7 16. e5 Nd5 17. fxe6 fxe6 18. Nxd5 exd5 19. Qxd5+ Kh8 20. c3 Bc6 21. exd6 Bxd5 22. dxc7 Bxb3 23. axb3 Bxg5+ 24. hxg5 Rxc7 {1-0 (43) Ma,Q (2606)-Wang,P (2457) Auckland 2016}) 14. f5 Bd7 {[#]} 15. Kb1 $146 (15. e5 $1 $14 {[%mdl 512]} dxe5 (15... Qxe5 16. Rhe1) 16. Nb3 Rxc3 17. Nxa5 Rxd3 18. Rxd3) ({Predecessor:} 15. e5 Qxe5 16. Rhe1 Qa5 17. fxe6 fxe6 18. Nxe6 {1-0 (32) Ottenklev,N-Landgren,A (2202) Sweden 2013}) 15... h6 {The position is equal.} 16. g4 {[%cal Bg2g4,Bg4g5][%mdl 32]} Qb4 {...Rxc3 is the strong threat.} (16... hxg5 $2 17. hxg5 Rxc3 18. bxc3 $18) 17. Nb3 Qc4 {Hoping for ...Qxd3.} ({But not} 17... hxg5 $2 18. hxg5 Nxg4 19. Qh3 $18) 18. Qf3 $1 b5 ({Don't capture} 18... hxg5 $2 19. hxg5 Nh5 20. Rxh5 $18) 19. Bf4 ({White should play} 19. a3 $1 $14) 19... e5 $2 {[#]} (19... b4 $15 {stays ahead.} 20. Rd4 Qc6 21. Rxb4 d5) 20. Bxe5 $1 {[%mdl 512]} dxe5 $15 21. g5 {[#]} Nxe4 $1 {[%mdl 512]} 22. Nxe4 $2 {[%mdl 8192]} (22. Rxd7 $11 Nxc3+ 23. bxc3) 22... Qxc2+ $19 23. Ka1 Bc6 24. Rde1 {[#] With the idea f6.} Bxe4 ({Better is} 24... Rfd8 $1 $19 25. gxh6 Bxe4 26. Rxe4 gxh6) 25. Rxe4 $15 hxg5 26. hxg5 Bxg5 $40 {[%mdl 128] ( -> ...Bc1!). Black attacks.} 27. f6 $2 {[%mdl 8192]} (27. Re2 $11 Qc6 {[#]} 28. Reh2 $1 {[%mdl 512]}) 27... Bc1 $1 {[%csl Gc2][%cal Rc1b2] Black mates.} 28. Rh8+ Kxh8 {[%csl Gc2][%cal Rc1b2]} 29. fxg7+ Kg8 {[%csl Gc2][%cal Rc1b2]} 30. gxf8=Q+ Kxf8 {Precision: White = 44%, Black = 35%.} 0-1

[Event "20th Iraklio Open 2017"]
[Site "Athens"]
[Date "2017.06.21"]
[Round "5.5"]
[White "Skaperdas, Kostantinos"]
[Black "Sienczewski, Zbigniew"]
[Result "1-0"]
[WhiteElo "2191"]
[BlackElo "1911"]
[Annotator "TA"]
[PlyCount "51"]
[EventDate "2017.??.??"]
[EventType "swiss"]
[EventCountry "GRE"]
[SourceTitle "playchess.com"]
[Source "ChessBase"]
[SourceQuality "1"]

{[%evp 13,51,63,70,67,149,98,113,56,79,58,122,156,237,251,503,435,416,405,441,422,489,354,355,313,533,537,1262,1249,1137,631,766,748,702,560,556,556,510,447,495,416]} 1. e4 d6 2. d4 g6 3. Nc3 Bg7 4. Be3 Nf6 5. Qd2 c6 6. Bh6 O-O 7. O-O-O Qa5 {LiveBook: 4 Games. B07: Pirc Defence: Miscellaneous Systems} 8. h4 (8. Bxg7 Kxg7 9. Kb1 Nbd7 10. h4 h5 11. f3 b5 12. Bd3 b4 13. Nce2 c5 14. g4 Qc7 15. dxc5 dxc5 {0-1 (66) Rublevsky,S (2702)-Mamedyarov,S (2736) Berlin 2015}) 8... Nbd7 {[#]} ({Better is} 8... Bxh6 $1 $14 9. Qxh6 b5) 9. f3 (9. h5 $142 $1 {[%mdl 512]}) 9... b5 {[%cal Bb7b5,Bb5b4][%mdl 32] [#]White is better.} 10. h5 (10. Kb1 $1 $16) 10... b4 $1 $14 {[%cal Rb4c3]} 11. Nb1 {aiming for hxg6.} Bxh6 (11... Nxh5 $14 12. g4 Nhf6) 12. Qxh6 $16 g5 $146 {[#]} ({Don't play} 12... Qxa2 13. hxg6 fxg6 14. Nh3 $16) (12... Nb6 $16) ({Predecessor:} 12... Nb6 13. g4 Ba6 14. Bxa6 Qxa6 15. e5 dxe5 16. dxe5 Nfd5 17. hxg6 {1-0 (17) Lautenbach,W (1944)-Wagner,K (1797) GER email 2011}) 13. Nh3 $1 $18 {[%cal Rh3g5]} Qxa2 $2 (13... g4) 14. e5 (14. Qxg5+ Kh8 $11) 14... Ba6 15. Qxg5+ (15. exf6 exf6 16. f4 g4 $18) 15... Kh8 16. exf6 Nxf6 17. g4 ({Less strong is} 17. Bxa6 Qxa6 18. Rhe1 Rg8 $18) 17... Bxf1 18. Rhxf1 ({Resist} 18. Rdxf1 Rg8 $18) 18... a5 $2 (18... Nd5 {might work better.} 19. Rfe1 f6) 19. Rfe1 {White is clearly winning.} a4 20. Rxe7 Nd5 21. Nf4 {Threatening mate with Nxd5.} Rg8 22. Qf5 a3 23. Nxd5 {White wants to mate with Qf6+.} axb2+ 24. Kd2 Qxd5 25. Qf6+ Rg7 26. h6 {Precision: White = 57%, Black = 34%.} 1-0

[Event "20th Iraklio Open 2017"]
[Site "Athens"]
[Date "2017.06.21"]
[Round "5.6"]
[White "Tsiros, Fragkiskos Vlasios"]
[Black "Samartzis, Mihail"]
[Result "1-0"]
[WhiteElo "2163"]
[BlackElo "1896"]
[Annotator "TA"]
[PlyCount "43"]
[EventDate "2017.??.??"]
[EventType "swiss"]
[EventCountry "GRE"]
[SourceTitle "playchess.com"]
[Source "ChessBase"]
[SourceQuality "1"]

{[%evp 16,43,26,18,23,30,27,8,52,60,43,-300,0,-347,4,0,0,-19,0,-332,0,-362,25,16,13,22,14,-348,867,-441]} 1. e4 Nf6 2. e5 Nd5 3. d4 d6 4. Nf3 dxe5 5. Nxe5 c6 6. Be2 Bf5 {B04: Alekhine's Defence: 4 Nf3} (6... Nd7 7. Nf3 g6 8. O-O Bg7 9. c4 Nc7 10. Nc3 O-O 11. Bf4 Ne6 12. Be3 Nf6 13. h3 Qc7 14. Qd2 Rd8 15. Rad1 b6 16. Rfe1 Bb7 17. Qc1 Nh5 18. Bf1 {1-0 (36) Anand,V (2784)-Nakamura,H (2787) Zuerich 2016}) 7. a3 Nd7 8. Nf3 h6 9. O-O {LiveBook: 6 Games} e6 10. c4 N5f6 11. Nc3 Be7 12. d5 cxd5 $146 ({Predecessor:} 12... exd5 13. cxd5 cxd5 14. Nxd5 O-O 15. Bf4 Bc5 16. b4 Bb6 17. Rc1 Be4 18. Nxb6 Nxb6 19. Qxd8 Rfxd8 20. Rfd1 Nfd5 {½-½ (20) Joachim,S (2399)-Seils,J (2327) Germany 2016}) 13. Nxd5 $2 {[%mdl 8192] [#]} (13. cxd5 $14 {stays ahead.} exd5 14. Nxd5) 13... O-O $2 (13... exd5 $19 14. cxd5 Nb6 15. Bb5+ Kf8) 14. Bf4 $2 {[%mdl 8192]} (14. Nxe7+ $11 Qxe7 15. Be3) 14... Ne4 $2 (14... exd5 $19 15. cxd5 Bc5) 15. Nd4 Bh7 16. Bc7 Qe8 17. Bd3 $2 {[%mdl 8192] [#]} (17. Nxe7+ $11 {and White stays safe.} Qxe7 18. Nb5) 17... Bc5 $2 (17... exd5 $19 18. cxd5 Bf6) 18. Bc2 $2 {[%mdl 8192]} (18. Bxe4 $11 {and White has nothing to worry.} Bxe4 19. Nc3) 18... Ndf6 $2 (18... exd5 $19 19. cxd5 Rc8) 19. Nxf6+ $11 Nxf6 20. Bxh7+ Nxh7 21. Nf5 $2 {[%mdl 8192]} (21. b4 $11 {and White is okay.} Be7 22. Be5) 21... Qe7 $4 {[%mdl 8192]} (21... exf5 $19 22. Qd5 Qe7) 22. Ng3 $4 {[%mdl 40960] Precision: White = 19%, Black = 12%. . Loss on Time!?} (22. Nxe7+ $18 {was the only winning move.} Bxe7 23. Qf3) 1-0

[Event "20th Iraklio Open 2017"]
[Site "Athens"]
[Date "2017.06.21"]
[Round "5.7"]
[White "Kordis, Konstantinos"]
[Black "Loutragotis, Paraskevas Pantelei"]
[Result "1-0"]
[WhiteElo "2149"]
[BlackElo "1891"]
[Annotator "TA"]
[PlyCount "33"]
[EventDate "2017.??.??"]
[EventType "swiss"]
[EventCountry "GRE"]
[SourceTitle "playchess.com"]
[Source "ChessBase"]
[SourceQuality "1"]

{[%evp 9,33,-4,3,2,34,35,41,38,70,56,107,99,106,112,110,73,110,111,116,121,148,150,231,234,510,489]} 1. e4 c5 2. b3 Nc6 3. Bb2 e6 4. Nf3 Nge7 5. g3 (5. d4 cxd4 6. Nxd4 Nxd4 7. Qxd4 Nc6 8. Qe3 Bb4+ 9. Nc3 Qe7 10. Be2 O-O 11. O-O a6 12. Rad1 b5 {1-0 (50) Short,N (2684)-Nikitenko,M (2396) Minsk 2015}) 5... d5 6. exd5 {B40: Sicilian: 2...e6, Unusual lines} Nxd5 7. Bg2 Nf6 8. O-O {White is slightly better.} Bd6 $146 ({Predecessor:} 8... Be7 9. a4 O-O 10. Na3 Qc7 11. Re1 {1-0 (25) Georgiev,K (2448)-Aout,S (2226) France 2004}) 9. d4 cxd4 (9... O-O $14) 10. Nxd4 $16 Nxd4 11. Qxd4 O-O 12. Nc3 Be7 13. Qxd8 Rxd8 14. Rfd1 a6 15. Na4 {[#] Strongly threatening Rxd8+.} Rxd1+ (15... Nd7 $16 {was called for.}) 16. Rxd1 $18 {Nb6 is the strong threat.} Bd7 $2 (16... e5 17. Bxe5 Bg4) 17. Bxf6 {Precision: White = 68%, Black = 18%.} 1-0

[Event "20th Iraklio Open 2017"]
[Site "Athens"]
[Date "2017.06.21"]
[Round "5.9"]
[White "Hrisanthopoulos, Dimitrios"]
[Black "Abelakiotis, Stavros"]
[Result "0-1"]
[WhiteElo "2023"]
[BlackElo "1861"]
[Annotator "NA RC"]
[PlyCount "60"]
[EventDate "2017.??.??"]
[EventType "swiss"]
[EventCountry "GRE"]
[SourceTitle "playchess.com"]
[Source "ChessBase"]
[SourceQuality "1"]
[TimeControl "5400+30"]

{[%evp 23,60,-4,46,32767,17,11,51,0,18,27,22,0,10,0,2,-64,-51,-43,-24,-35,-49,-47,-39,-48,32767,-75,-48,-71,-29,-70,-57,-62,-67,-82,-87,-81,-68,-72,-120]} 1. e4 {[%emt 0:00:30]} c5 {[%emt 0:01:00]} 2. Nf3 {[%emt 0:00:30]} e6 {[%emt 0:00:30]} 3. d4 {[%emt 0:00:00]} cxd4 {[%emt 0:00:30]} 4. Nxd4 {[%emt 0:00:00]} Nc6 {[%emt 0:00:30]} 5. Nc3 {[%emt 0:00:30]} Qc7 {[%emt 0:00:30]} 6. Be3 {[%emt 0:00:00]} a6 {[%emt 0:00:30]} 7. Be2 {[%emt 0:01:00]} Nf6 {[%emt 0:00:30]} 8. a3 {[%emt 0:00:30]} b5 {[%emt 0:00:30]} 9. Nxc6 {[%emt 0:00:30]} dxc6 {[%emt 0:00:00]} 10. f4 {[%emt 0:01:30] B48: Sicilian: Taimanov: 5 Nc3 Qc7 6 Be3 a6 without Be2} Bb7 {[%emt 0:00:30]} 11. Bf3 {[%emt 0:00:30]} (11. e5 Nd7 12. Bf3 Rd8 13. Qe2 Be7 14. Ne4 O-O 15. O-O c5 16. a4 b4 17. Nd2 Nb6 18. Bxb7 Qxb7 {½-½ (32) Zhigalko,A (2591)-Neiksans,A (2628) Baku 2016}) 11... e5 {[%emt 0:01:30]} 12. f5 {[%emt 0:09:30]} Rd8 {[%emt 0:07:30]} 13. Qe2 {[%emt 0:00:30]} c5 $146 {[%emt 0:16:30]} ({Predecessor:} 13... Be7 14. g4 Nd7 15. Qf2 Qa5 16. O-O h6 17. Rad1 Qc7 {0-1 (51) Marcic,I (2033)-Plenkovic,Z (2380) Omis 2006}) 14. O-O {[%emt 0:02:30]} c4 {[%emt 0:01:30]} 15. Rad1 {[%emt 0:05:30]} Rxd1 {[%emt 0:01:30]} 16. Rxd1 {[%emt 0:00:30]} Bc5 {[%emt 0:00:30]} 17. Qf2 {[%emt 0:03:30]} Bxe3 {[%emt 0:02:30]} 18. Qxe3 {[%emt 0:05:30]} O-O {[%emt 0:04:30]} 19. Nd5 {[%emt 0:17:30]} (19. Qd2 $11) 19... Bxd5 $1 {[%emt 0:31:30]} 20. exd5 {[%emt 0:00:30]} e4 {[%emt 0:03:30]} 21. d6 {[%emt 0:04:30]} Qc6 {[%emt 0:06:30]} 22. Be2 {[%emt 0:03:30]} Rd8 {[%emt 0:03:45]} 23. g4 {[%emt 0:22:30]} h6 {[%emt 0:05:15]} 24. Qf4 {[%emt 0:09:20]} c3 {[%emt 0:08:46]} 25. b4 {[%emt 0:01:38]} Ne8 {[%emt 0:00:55]} 26. Qe5 {[%emt 0:04:38]} Rxd6 {[%emt 0:01:43]} 27. Rxd6 {[%emt 0:00:46]} Nxd6 {[%emt 0:00:11]} 28. Qc5 {[%emt 0:00:16]} Qxc5+ {[%emt 0:04:29]} 29. bxc5 {[%emt 0:00:03] [#]} Nb7 $1 {[%emt 0:00:31]} 30. c6 {[%emt 0:00:26]} Nd6 $17 {[%emt 0:00:32]} 0-1

[Event "20th Iraklio Open 2017"]
[Site "Athens"]
[Date "2017.06.21"]
[Round "5.10"]
[White "Kotrotsos, Vasilios"]
[Black "Papadopoulos, Dimitrios Ath"]
[Result "1-0"]
[WhiteElo "2269"]
[BlackElo "1487"]
[Annotator "TA"]
[PlyCount "32"]
[EventDate "2017.??.??"]
[EventType "swiss"]
[EventCountry "GRE"]
[SourceTitle "playchess.com"]
[Source "ChessBase"]
[SourceQuality "1"]

{[%evp 9,32,-6,310,-6,336,66,337,27,340,-14,357,13,391,64,152,0,317,0,365,-12,421,53,463,70,358]} 1. d4 Nf6 2. c4 e6 3. Nc3 Bb4 4. a3 Nc6 (4... Bxc3+ 5. bxc3 c5 6. e3 Nc6 7. Bd3 b6 8. Nf3 d6 9. O-O O-O 10. e4 e5 11. d5 Ne7 12. Nh4 Ng6 13. Nf5 Nf4 14. Bxf4 exf4 15. Qf3 Bxf5 16. exf5 Re8 17. Qxf4 Qe7 {½-½ (33) Vachier Lagrave,M (2819)-Nakamura,H (2791) chess.com INT 2016}) 5. e3 O-O $2 {[%mdl 8192] [#]} (5... Bxc3+ $1 $11 6. bxc3 O-O) 6. Bd3 $2 {E24: Nimzo-Indian: Sämisch: Unusual Black 5th moves and 5...c5 sidelines} (6. axb4 $18 {b5 is the strong threat.} Nxb4 7. Bd2) 6... d6 $2 {[%mdl 8192]} (6... Bxc3+ $1 $11 7. bxc3 e5) 7. Nge2 $2 (7. axb4 $18 {And now b5 would win.} Nxb4 8. Nf3) 7... e5 $2 {[%mdl 8192]} (7... Bxc3+ $1 $14 8. Nxc3 d5) 8. O-O $2 (8. axb4 $18 Nxb4 9. O-O) 8... Re8 $146 {[%mdl 8192]} (8... Bxc3 $11 {and Black is okay.} 9. Nxc3 exd4 10. exd4 Nxd4) ({Predecessor:} 8... Bxc3 9. Nxc3 h6 10. d5 Ne7 11. Qc2 c6 12. dxc6 bxc6 13. b4 a5 14. Bb2 Be6 15. Rfd1 Qb8 {1-0 (50) Elsness,F (2349)-Sahl,B (2425) Oslo 1999}) 9. Ng3 $2 (9. axb4 $18 Nxb4 10. e4) 9... Bd7 $2 {[%mdl 8192]} (9... Bxc3 $11 10. bxc3 b6) 10. Qc2 $2 ({White should try} 10. axb4 $18 {Hoping for b5.} Nxb4 11. Be2) 10... Ne7 $2 {[%mdl 8192]} (10... Bxc3 $11 11. bxc3 b6) 11. f4 $2 (11. axb4 $18 Nc6 12. Nd5 exd4 13. b5) 11... exf4 {[#]} (11... Bxc3 $14 12. fxe5 (12. bxc3 exf4 13. exf4 d5 $11) (12. Qxc3 exf4 13. Rxf4 Ng6 $11) 12... dxe5) 12. exf4 $2 ({Don't take} 12. axb4 $6 fxg3 13. hxg3 a6 $14) (12. Nge4 $1 $16 {[%cal Re4f6]} Bxc3 13. Nxf6+ (13. Qxc3 Ng6 $11) 13... gxf6 14. bxc3 (14. Qxc3 b5 $16)) 12... d5 $2 {[%mdl 8192]} (12... Bxc3 $1 $11 13. bxc3 (13. Qxc3 d5 $11) 13... d5) 13. f5 $2 ({White has to play} 13. axb4 $18 dxc4 14. Bxc4) 13... h6 $2 {[%mdl 8192]} (13... Bxc3 $11 14. bxc3 h6) 14. Bd2 $2 (14. axb4 $18 {Black must now prevent Qb3.} Nc6 15. cxd5 Nxb4 16. Qd2) 14... Rc8 $2 {[%mdl 8192]} (14... Bd6 $11 {and Black stays safe.} 15. c5 Bxg3 16. hxg3 Nc6) 15. Qc1 $2 ({Only move:} 15. axb4 $18 dxc4 16. Bxc4) 15... Kh7 $2 {[%mdl 8192]} (15... Bxc3 $14 16. bxc3 dxc4 17. Bxc4 Ned5) 16. cxd5 $2 (16. axb4 $18 Bc6 17. Rf4) 16... Nexd5 $2 {[%mdl 8192] Precision: White =  0%, Black =  0%.} ({Better is} 16... Bxc3 $14 17. bxc3 Nexd5) 1-0